00392pab a2200145 454500008004000000100001800040245007100058260000900129300001300138362001000151650001900161650002000180650001200200773003400212180718b2008 xxu||||| |||| 00| 0 eng d aDeaton, Angus aPrice trends in India and their implications for measuring poverty c2008 ap.43-49. a9 Feb aPrices - India aPoverty - India aPoverty aEconomic and Political Weekly